| 000 | 00761nam a2200265Ia 4500 | ||
|---|---|---|---|
| 005 | 20260121170309.0 | ||
| 008 | 008 260114s9999 xx 000 0 eng d | ||
| 020 | _a9789811076350 | ||
| 037 | _aEBOOK | ||
| 040 | _aCRL | ||
| 040 | _beng | ||
| 040 | _cCRL | ||
| 041 | _2eng | ||
| 041 | _aeng | ||
| 084 | _qCRL | ||
| 100 |
_aGuru Prasadh Venkataramani, Karthik Sankaranarayanan, Saswati Mukherjee, Kannan Arputharaj, Swamynathan Sankara Narayanan _91062183 |
||
| 245 | 0 | _aSmart Secure Systems – IoT and Analytics Perspective | |
| 260 | _bSpringer | ||
| 260 | _bSpringer | ||
| 260 | _c2018 | ||
| 856 | _uhttps://link.springer.com/openurl?genre=book&isbn=978-981-10-7635-0 | ||
| 942 | _cEBOOK | ||
| 999 |
_c1627912 _d1627912 |
||